000 00581cam a22002053a 4500
001 35184
003 PGUSA
005 20140828083746.0
008 110206s2011||||xxu|||||s|||||000 | eng d
040 _aPGUSA
_beng
042 _adc
100 1 _aMuir, Ramsay,
_d1872-1941
245 1 4 _aThe Character of the British Empire
_h[electronic resource] /
_cRamsay Muir
260 _bProject Gutenberg,
_c2011
506 _aPublic domain in the USA.
516 _aElectronic text
830 0 _aProject Gutenberg
_v35184
856 4 0 _uhttp://www.gutenberg.org/ebooks/35184
942 _cEB
999 _c264439
_d264439